Principles of management / (Record no. 22907)

MARC details
000 -LEADER
fixed length control field 00825nam a22002177a 4500
008 - FIXED-LENGTH DATA ELEMENTS--GENERAL INFORMATION
fixed length control field 090203t xxu||||| |||| 00| 0 eng d
010 ## - LCCN (DPL NO)
LC control number ENG-92788
020 ## - INTERNATIONAL STANDARD BOOK NUMBER
Terms of availability 180.00
International Standard Book Number 9788190755313
035 ## - SYSTEM CONTROL NUMBER
System control number EN-76321
037 ## - SOURCE OF ACQUISITION
Source of stock number/acquisition DBAD / PUB
040 ## - CATALOGING SOURCE
Original cataloging agency dpl
Language of cataloging English
082 ## - DEWEY DECIMAL CLASSIFICATION NUMBER
Classification number 658.4
100 ## - MAIN ENTRY--PERSONAL NAME
Personal name Murugan,V.
245 ## - TITLE STATEMENT
Title Principles of management /
Statement of responsibility, etc by V. Murugan
260 ## - PUBLICATION, DISTRIBUTION, ETC. (IMPRINT)
Place of publication, distribution, etc Chennai
Name of publisher, distributor, etc Kavin Publications
Date of publication, distribution, etc (200?)
270 ## - ADDRESS
Address #19, Guruvaurappan Building, 9,10, Khanabagh IIIrd Lane, Triplicane,
City Chennai
Postal code 600005
300 ## - PHYSICAL DESCRIPTION
Extent 196p.
Dimensions 26cm (pbk)
650 ## - SUBJECT ADDED ENTRY--TOPICAL TERM
Topical term or geographic name as entry element Industrial management.
942 ## - ADDED ENTRY ELEMENTS (KOHA)
Source of classification or shelving scheme Dewey Decimal Classification
Item type English Books
Call number suffix MUR
Classification part 658.4
Holdings
Withdrawn status Lost status Source of classification or shelving scheme Damaged status Not for loan Collection code Home library Current library Date acquired Source of acquisition Cost, normal purchase price Total Checkouts Full call number Barcode Date last seen Copy number Cost, replacement price Koha item type
    Dewey Decimal Classification   Not For Loan Non-fiction D.B.Act.Division D.B.Act.Division 03/02/2009 DBAD / PUB 180.00   658.4 MUR EN-76321 03/02/2009 1 180.00 English Books

© Delhi Public Library
Hit Counter
free hit counter